000 00724cab a2200217 4500
001 WB3235-09
008 090401t1996 xxu||||| |||| 00| 0 eng d
035 _a(Sirsi) u1335
041 _aeng
245 _aGive back towns they killed
260 _c1996
350 _a0
490 _aObserver
_v15 September 1996, 2(2)
520 _aDiscusses the effect of out-of-town stores on town centres and suggests how the effects could be reversed. Looks at activities of the Association of Town Centre Management.
650 _aASSOCIATION OF TOWN CENTRE MANAGEMENT
650 _aOUT-OF-TOWN SHOPPING
650 _aTOWN CENTRES
690 _aPROPERTY-COMMERCIAL PROPERTY-RETAIL PROPERTY
942 _n0
948 _c04/03/1997
999 _c732
_d732